Normal view
MARC view
- Law, Courts on Trial
Entry Topical Term
001 - CONTROL NUMBER
- control field: 128333
003 - CONTROL NUMBER IDENTIFIER
- control field: NUST
005 - DATE AND TIME OF LATEST TRANSACTION
- control field: 20250315162527.0
008 - FIXED-LENGTH DATA ELEMENTS
- fixed length control field: 250315|| aca||aabn | a|a d
040 ## - CATALOGING SOURCE
- Original cataloging agency: NUST
- Transcribing agency: NUST
150 ## - HEADING--TOPICAL TERM
- Topical term or geographic name entry element: Law, Courts on Trial
670 ## - SOURCE DATA FOUND
- Source citation: Work cat.: (NUST): Frank, Jerome 128332, Courts on Trial: , 1973.
